Alamat ng ampalaya : (Record no. 103673)
[ view plain ]
| 000 -LEADER | |
|---|---|
| fixed length control field | 00641nam a2200181 a 4500 |
| 005 - DATE AND TIME OF LATEST TRANSACTION | |
| control field | 20140412111306.0 |
| 008 - FIXED-LENGTH DATA ELEMENTS--GENERAL INFORMATION | |
| fixed length control field | 010420s19uu xx 00 eng d |
| 020 ## - INTERNATIONAL STANDARD BOOK NUMBER | |
| International Standard Book Number | 971-508-018-9 |
| 050 ## - LIBRARY OF CONGRESS CALL NUMBER | |
| Classification number | Fil 398.2 |
| Item number | R524 1995 |
| 100 ## - MAIN ENTRY--PERSONAL NAME | |
| Personal name | Rivera, Jr., Augie D. |
| 245 ## - TITLE STATEMENT | |
| Title | Alamat ng ampalaya : |
| Remainder of title | the legend of ampalaya / |
| Statement of responsibility, etc | by Augie D. Rivera, Jr. ; illustrations by kora D. Albano. |
| 250 ## - EDITION STATEMENT | |
| Edition statement | Aklat Adarna International Edition |
| 260 ## - PUBLICATION, DISTRIBUTION, ETC. (IMPRINT) | |
| Place of publication, distribution, etc | Manila, Philippines : |
| Name of publisher, distributor, etc | Adarna Book Services, Inc, |
| Date of publication, distribution, etc | 1995. |
| 300 ## - PHYSICAL DESCRIPTION | |
| Extent | 1v. (unp.) ; ill. |
| 650 ## - SUBJECT ADDED ENTRY--TOPICAL TERM | |
| Topical term or geographic name as entry element | Vegetable stories-Philippines |
| 650 ## - SUBJECT ADDED ENTRY--TOPICAL TERM | |
| Topical term or geographic name as entry element | Vegetables legends, Philippines |
| Withdrawn status | Lost status | Damaged status | Home library | Current library | Shelving location | Date acquired | Source of acquisition | Total Checkouts | Full call number | Barcode | Date last seen | Price effective from | Koha item type |
|---|---|---|---|---|---|---|---|---|---|---|---|---|---|
| Elizalde Library | Elizalde Library | Filipiniana Section | 04/20/2001 | Fil 398.2 R524 1995 | E5703 | 04/12/2014 | 04/12/2014 | Books |